000 00928nas a2200277 4500
001 BR0200676
003 BR-BrBNA
005 20231205102751.0
007 ta
008 230509b bl.|||p| |||| 00| 00por d
040 _aBR-BrBNA
_bpor
_cBiblioteca Nacional de Agricultura
041 _a(Pt)
072 _aL53; L10
100 1 _aToniolli, R.
100 1 _aBarros, D.Q.
100 1 _aJatahy, P.C.
100 1 _aMorais, R.MMoreira, F.R.C.
111 1 _a14. Congresso Brasileiro de Reprodução Animal
_cBelo Horizonte, MG (Brazil)
_d1-5 Aug 2001
245 1 _aFertilidade de porcas inseminadas: análise de diferentes parâmetros
650 _aSUÍNO
650 _aFERTILIDADE
650 _aINSEMINAÇÃO ARTIFICIAL
773 0 _tRevista Brasileira de Reprodução Animal (Brazil)
_xISSN 0102-0803
_g(Jul-Sep 2001), v. 25(3) p. 446-447
_wBR0200676
909 _a202311
_bLúcia
_c55
_dLúcia Elande
942 _2AGRIS
_n0
_cANA
999 _c169236
_d169236